[Event "COL-ch"]
[Site "Cartagena"]
[Date "2023.06.08"]
[Round "2"]
[White "Ojeda, Jesus David"]
[Black "Orostegui Cardona, David Eduardo"]
[Result "1-0"]
[WhiteElo "2044"]
[BlackElo "1679"]
[PlyCount "67"]
[EventDate "2023.06.08"]
[EventType "swiss"]
[EventRounds "9"]
[EventCountry "COL"]
[SourceTitle "CBM 215 Extra"]
[Source "ChessBase"]
[SourceDate "2023.09.30"]
[SourceVersion "1"]
[SourceVersionDate "2023.09.30"]
[SourceQuality "1"]

1. d4 d5 2. c4 e6 3. Nc3 Nf6 4. Bg5 Be7 5. Nf3 0-0 6. e3 b6 7. Rc1 Bb7 8. Bd3 Nbd7 9. cxd5 exd5 10. 0-0 c5 11. Qe2 Re8 12. Rfd1 Ne4 13. Bf4 Bf6 14. Nb5 g5 15. Bg3 Nxg3 16. hxg3 c4 17. Bb1 Nf8 18. Nh2 Qd7 19. Nc3 b5 20. Qh5 b4 21. Ng4 Bg7 22. Qxg5 Re6 23. Ne2 Qe7 24. Qh5 Rd6 25. Nf4 Bc8 26. Nxd5 Qe6 27. Nc7 Qxg4 28. Qxg4 Bxg4 29. Nxa8 Bxd1 30. Rxd1 Ne6 31. Rc1 Rc6 32. Be4 Rc8 33. Bb7 Rb8 34. Bd5 1-0

[Event "COL-ch U20"]
[Site "Barranquilla"]
[Date "2022.07.09"]
[Round "7"]
[White "Orostegui Cardona, David Eduardo"]
[Black "Borre Meza, Orlando David"]
[Result "0-1"]
[WhiteElo "1633"]
[BlackElo "1498"]
[PlyCount "62"]
[EventDate "2022.07.06"]
[EventType "swiss"]
[EventRounds "9"]
[EventCountry "COL"]
[SourceTitle "EXT 2023"]
[Source "ChessBase"]
[SourceDate "2022.10.05"]
[SourceVersion "1"]
[SourceVersionDate "2022.10.05"]
[SourceQuality "1"]

1. e4 e5 2. Nf3 Nc6 3. Bc4 Be7 4. c3 Nf6 5. d3 d6 6. Nbd2 0-0 7. Bb3 Na5 8. Bc2 c5 9. Nf1 Nc6 10. h3 d5 11. Qe2 b6 12. Ng3 dxe4 13. dxe4 a5 14. Bb3 Qc7 15. a4 Ne8 16. Nf5 Bxf5 17. exf5 Nd6 18. g4 e4 19. Ng5 Bxg5 20. Bxg5 Ne5 21. 0-0-0 c4 22. Bc2 Nd3+ 23. Bxd3 exd3 24. Qe7 Qc6 25. Be3 Qxa4 26. Kb1 Qc2+ 27. Ka1 Qa4+ 28. Kb1 Nb5 29. Rd2 Qb3 30. Ka1 Rfe8 31. Qg5 f6 0-1

[Event "COL-ch U20"]
[Site "Barranquilla"]
[Date "2022.07.08"]
[Round "5"]
[White "Orostegui Cardona, David Eduardo"]
[Black "Cordoba Roa, Angel Gabriel"]
[Result "0-1"]
[WhiteElo "1633"]
[BlackElo "2106"]
[PlyCount "80"]
[EventDate "2022.07.06"]
[EventType "swiss"]
[EventRounds "9"]
[EventCountry "COL"]
[SourceTitle "EXT 2023"]
[Source "ChessBase"]
[SourceDate "2022.10.05"]
[SourceVersion "1"]
[SourceVersionDate "2022.10.05"]
[SourceQuality "1"]

1. e4 c5 2. Nf3 d6 3. Bb5+ Nd7 4. a4 Ngf6 5. Nc3 g6 6. d3 Bg7 7. 0-0 0-0 8. Ne1 a6 9. Bc4 Rb8 10. f4 Ne8 11. Nd5 b5 12. axb5 axb5 13. Bb3 Nb6 14. c3 Nxd5 15. Bxd5 c4 16. Be3 Bd7 17. e5 dxe5 18. Ba7 Rc8 19. Bb7 Rc7 20. Bb6 Qb8 21. Bxc7 Qxc7 22. Ba8 exf4 23. dxc4 bxc4 24. Qe2 Be5 25. Nf3 Bd6 26. Kh1 Nf6 27. Nd2 Rc8 28. Bf3 h5 29. h3 Kg7 30. Ne4 Nxe4 31. Bxe4 f5 32. Bd5 Qc5 33. Be6 Bxe6 34. Qxe6 Rb8 35. Ra4 Rxb2 36. Rxc4 f3 37. Rxc5 fxg2+ 38. Kg1 Bh2+ 39. Kxh2 gxf1Q+ 40. Kg3 Qf2# 0-1

[Event "COL-ch U20"]
[Site "Barranquilla"]
[Date "2022.07.08"]
[Round "4"]
[White "Rueda Ahumada, Gabriel Omar"]
[Black "Orostegui Cardona, David Eduardo"]
[Result "0-1"]
[WhiteElo "1482"]
[BlackElo "1633"]
[PlyCount "88"]
[EventDate "2022.07.06"]
[EventType "swiss"]
[EventRounds "9"]
[EventCountry "COL"]
[SourceTitle "EXT 2023"]
[Source "ChessBase"]
[SourceDate "2022.10.05"]
[SourceVersion "1"]
[SourceVersionDate "2022.10.05"]
[SourceQuality "1"]

1. Nf3 b6 2. c4 g6 3. g3 Bb7 4. Bg2 Bg7 5. Nc3 e6 6. d4 Ne7 7. b3 0-0 8. Bb2 d5 9. 0-0 Nd7 10. e3 c5 11. Ne2 dxc4 12. bxc4 cxd4 13. exd4 Rc8 14. Rc1 Re8 15. Qd2 Nf5 16. Qb4 Bf8 17. Qb3 Nd6 18. Rfd1 Ba6 19. Nd2 Bg7 20. Ba3 Nb8 21. Bf1 Nc6 22. Qa4 Na5 23. c5 Nf5 24. Nf3 Qd5 25. Kg2 g5 26. Nc3 Bxf1+ 27. Rxf1 Qb7 28. d5 exd5 29. Qc2 Nh6 30. Nb5 Nc4 31. Qd3 bxc5 32. Rb1 Qa6 33. Bc1 g4 34. Ng5 Qg6 35. Qxd5 Qxb1 36. Qxc4 Qg6 37. Bf4 Bf6 38. h4 gxh3+ 39. Nxh3 Nf5 40. Nc7 Nh4+ 41. Kh1 Qg4 42. Ng1 Rxc7 43. Qb5 Rce7 44. gxh4 Qxf4 0-1